Uhrovská zbierka piesní a tancov z roku 1742 (kritické vydanie) /

Další autoři: Terrayová, Mária Jana, 1922-1993
Jazyk: Slovenština
Vydáno: Martin : Matica slovenská, 1990
Vydání: Vyd. 1.
Edice: Dokumentácia
Monumenta Musica Slovaca
Fyzický popis: 288 s. ; 76 s. faks.
Hudebniny Hudebniny
Uloženo v:
LEADER 01139ncm a2200289 a 4500
001 001083585
003 CZ BrMZK
005 20131018091517.0
007 qu
008 980105s1990 xo f slo d
040 |a BOA001  |b cze 
072 7 |a 787  |x Hudba pro strunné a smyčcové nástroje  |2 Konspekt  |9 9 
245 0 0 |a Uhrovská zbierka piesní a tancov z roku 1742  |h [hudebnina] :  |b (kritické vydanie) /  |c [úvodná štúdia, transkripcia skladieb a registre] Mária Jana Terrayová 
250 |a Vyd. 1. 
260 |a Martin :  |b Matica slovenská,  |c 1990 
300 |a 288 s. ;  |b 76 s. faks. 
490 1 |a Dokumentácia ;  |v Faksimile 
490 1 |a Monumenta Musica Slovaca ;  |v Facsimile 2 
500 |a Průvodní texty slovensky a německy, resume rusky a anglicky. 
500 |a Obsahuje faksimile i tištěnou podobu rukopisu 
700 1 |a Terrayová, Mária Jana,  |d 1922-1993  |7 mzk2010602812  |4 edt 
830 0 |a Dokumentácia 
830 0 |a Monumenta Musica Slovaca 
910 |a BOA001  |b Mus2-0965.121 
990 |a MU 
991 |b 201001 
996 6 |b 2619439328  |c Mus2-0965.121  |l MZK  |r Sklad / do 1 hodiny  |n 0  |w 001106172  |u 000010  |a 1  |e BOA001  |j MZK50  |s P